Catálogo
 En Linea
Vista normal Vista MARC

Entrada Nombre personal

Número de registros utilizados en: 22

001 - NÚMERO DE CONTROL

  • campo de control: 1677

003 - IDENTIFICADOR DEL NÚMERO DE CONTROL

  • campo de control: BNPHU

005 - FECHA Y HORA DE LA ÚLTIMA TRANSACCIÓN

  • campo de control: 20240710114449.0

008 - DATOS DE LONGITUD FIJA

  • campo de control de longitud fija: 200615|| aca||aabn | a|a d

040 ## - FUENTE DE LA CATALOGACIÓN

  • Centro catalogador/agencia de origen: DO-SdBNP
  • Lengua de catalogación: spa
  • Centro/agencia transcriptor: BNPHU
  • Normas de descripción: rda

100 1# - ENCABEZAMIENTO-NOMBRE DE PERSONA

  • Nombre de persona: Castillo Javier, Gerardo,
  • Fechas asociadas al nombre: 1963-

370 ## - LUGAR ASOCIADO

  • Lugar de nacimiento: Las Matas de Farfán

372 ## - CAMPO DE ACTIVIDAD

  • Campo de actividad: Licenciatura en Letras Puras (Filología)
  • Campo de actividad: Psicología clínica

374 ## - OCUPACIÓN

  • Ocupación: Psicólogo

375 ## - GÉNERO/SEXO

  • Género/Sexo: Masculino

400 1# - TRAZADO DE VÉASE--NOMBRE DE PERSONA

  • Nombre de persona: Javier, Gerardo Castillo,
  • Fechas asociadas al nombre: 1963-

670 ## - FUENTE DE DATOS ENCONTRADOS

  • Cita de la fuente: Work cat.: (OSt)505: Castillo Javier, Gerardo, 1963-, Salmos apócrifos /, 2007.

670 ## - FUENTE DE DATOS ENCONTRADOS

  • Cita de la fuente: Castillo Javier, Gerardo, 1963-. Concurso literario Capotillo 2005, 2006

670 ## - FUENTE DE DATOS ENCONTRADOS

  • Cita de la fuente: Castillo Javier, Gerardo, 1963-. Flor de cactus. Santo Domingo : Ministerio de Cultura, 2015. 740p.

Con tecnología Koha